<?xml version="1.0" encoding="UTF-8"?>
<record
    xmlns:xsi="http://www.w3.org/2001/XMLSchema-instance"
    xsi:schemaLocation="http://www.loc.gov/MARC21/slim http://www.loc.gov/standards/marcxml/schema/MARC21slim.xsd"
    xmlns="http://www.loc.gov/MARC21/slim">

  <leader>00951nam a22002297a 4500</leader>
  <datafield tag="999" ind1=" " ind2=" ">
    <subfield code="c">65096</subfield>
    <subfield code="d">65096</subfield>
  </datafield>
  <controlfield tag="005">20240530110807.0</controlfield>
  <controlfield tag="008">190115s2019    ua a   g      000 0 ara d</controlfield>
  <datafield tag="017" ind1=" " ind2=" ">
    <subfield code="a">2018/2210</subfield>
    <subfield code="b">&#x645;&#x635;&#x631;. &#x62F;&#x627;&#x631; &#x627;&#x644;&#x643;&#x62A;&#x628;</subfield>
  </datafield>
  <datafield tag="020" ind1=" " ind2=" ">
    <subfield code="a">9789776563568</subfield>
  </datafield>
  <datafield tag="040" ind1=" " ind2=" ">
    <subfield code="a">EG-CaGPL</subfield>
    <subfield code="c">EG-CaGPL</subfield>
  </datafield>
  <datafield tag="082" ind1="0" ind2="4">
    <subfield code="2">21</subfield>
    <subfield code="a">961.211 /</subfield>
    <subfield code="b">&#x628; &#x645;</subfield>
  </datafield>
  <datafield tag="100" ind1="1" ind2=" ">
    <subfield code="a">&#x628;&#x631;&#x64A;&#x633;&#x62A;&#x648;&#x628;&#x64A;&#x646;&#x648; &#x60C; &#x641;&#x631;&#x646;&#x634;&#x64A;&#x633;&#x643;&#x648; </subfield>
  </datafield>
  <datafield tag="245" ind1="1" ind2="0">
    <subfield code="a">&#x645;&#x62F;&#x64A;&#x646;&#x629; &#x628;&#x646;&#x63A;&#x627;&#x632;&#x649; &#x645;&#x646; &#x62E;&#x644;&#x627;&#x644; &#x639;&#x62F;&#x633;&#x629; &#x645;&#x635;&#x648;&#x631; &#x641;&#x648;&#x62A;&#x648;&#x63A;&#x631;&#x627;&#x641;&#x649; :</subfield>
    <subfield code="b">&#x627;&#x633;&#x62A;&#x64A;&#x637;&#x627;&#x646; &#x628;&#x646;&#x63A;&#x627;&#x632;&#x649; ( 1912 - 1941 ) /</subfield>
    <subfield code="c">&#x641;&#x631;&#x646;&#x634;&#x64A;&#x633;&#x643;&#x648; &#x628;&#x631;&#x64A;&#x633;&#x62A;&#x648;&#x628;&#x64A;&#x646;&#x648; &#x61B; &#x62A;&#x642;&#x62F;&#x64A;&#x645; &#x644;&#x648;&#x64A;&#x62C;&#x649; &#x62C;&#x648;&#x644;&#x64A;&#x627; &#x61B; &#x62A;&#x631;&#x62C;&#x645;&#x629; &#x627;&#x628;&#x631;&#x627;&#x647;&#x64A;&#x645; &#x627;&#x62D;&#x645;&#x62F; &#x627;&#x644;&#x645;&#x647;&#x62F;&#x649; </subfield>
  </datafield>
  <datafield tag="250" ind1=" " ind2=" ">
    <subfield code="a">&#x637;.1</subfield>
  </datafield>
  <datafield tag="260" ind1=" " ind2=" ">
    <subfield code="a">&#x628;&#x646;&#x63A;&#x627;&#x632;&#x649; :</subfield>
    <subfield code="c">2019 .</subfield>
  </datafield>
  <datafield tag="300" ind1=" " ind2=" ">
    <subfield code="a">294 &#x635;. :</subfield>
    <subfield code="b">&#x627;&#x64A;&#x636; &#x61B;</subfield>
    <subfield code="c">24 &#x633;&#x645;.</subfield>
  </datafield>
  <datafield tag="651" ind1="0" ind2="7">
    <subfield code="2">qrmak</subfield>
    <subfield code="a">&#x644;&#x64A;&#x628;&#x64A;&#x627; </subfield>
    <subfield code="x">&#x62A;&#x627;&#x631;&#x64A;&#x62E; </subfield>
  </datafield>
  <datafield tag="651" ind1="0" ind2="7">
    <subfield code="a">&#x628;&#x646;&#x63A;&#x627;&#x632;&#x649; </subfield>
    <subfield code="x">&#x62A;&#x627;&#x631;&#x64A;&#x62E; </subfield>
  </datafield>
  <datafield tag="700" ind1="0" ind2=" ">
    <subfield code="a">&#x627;&#x628;&#x631;&#x627;&#x647;&#x64A;&#x645; &#x627;&#x62D;&#x645;&#x62F; &#x627;&#x644;&#x645;&#x647;&#x62F;&#x649; </subfield>
    <subfield code="e">&#x645;&#x62A;&#x631;&#x62C;&#x645; </subfield>
  </datafield>
  <datafield tag="942" ind1=" " ind2=" ">
    <subfield code="2">ddc</subfield>
    <subfield code="c">BK</subfield>
  </datafield>
  <datafield tag="952" ind1=" " ind2=" ">
    <subfield code="0">0</subfield>
    <subfield code="1">0</subfield>
    <subfield code="4">0</subfield>
    <subfield code="7">0</subfield>
    <subfield code="a">CAI</subfield>
    <subfield code="b">CAI</subfield>
    <subfield code="c">MAIN-LIBRARY</subfield>
    <subfield code="d">2019-03-02</subfield>
    <subfield code="l">0</subfield>
    <subfield code="o">961.211 / &#x628; &#x645;</subfield>
    <subfield code="p">165650</subfield>
    <subfield code="r">2019-03-02 00:00:00</subfield>
    <subfield code="w">2019-03-02</subfield>
    <subfield code="y">BK</subfield>
  </datafield>
</record>
